1369 1239 1722 1027 1711 1231 1106 1004 1163 1388 1594 1503 1034 1252 1773 1662 1450 1015 1027 1150 1590 1322 1492 1361 1068 1033 1606 1146 1622 1016 1069 1535 1580 1692 1593 1346 1224 1879 1996 1372 1990 1726 1943 1236 1271 1958 1932 1861 1042 1119 1395 1818 1133 1336 1937 1192 1112 1522 1790 1619 1010 1403 1067 1453 1817 1745 1037 1832 1259 1300 1875 1122 1410 1042 1402 1262 1236 1354 1929 1414 1379 1957 1723 1589 1955 1178 1381 1817 1946 1993 1520 1760 1920 1060 1922 1594 1635 1718 1338 BCNSPRNW ULIB Ver.6.0+V

เปลี่ยนเป็นภาษาไทย

Change to English
 แสดงรายละเอียดบรรณานุกรม
  กลับหน้าหลัก

Brief Record : Get Marc (ISO 2709) : E-mail record : QR code < ปิดหน้าต่าง
LEADER : 00000nam 2200000uu 4500
001    13399112297
003     ULIB
008    110627s2549||||th 000 0 tha d
020    9789749916883
090    นว.^bม963ป 2549
100 0  ไมค์ เกล
245 00 ปีนี้ไม่อยากโสด/^cไมค์ เกล
250    พิมพ์ครั้งที่ 1
260    กรุงเทพฯ :^bแพรวสำนักพิมพ์,^c2549
300    358 หน้า
710 1  แพรวสำนักพิมพ์
945    ^p245^l0^i020300
995    ทศพร
999 ^a ใช้งานได้ทุกระบบ
รายการนี้ยังไม่มีแท็ก
คุณยังไม่ได้ล็อกอิน คุณสามารถมีกิจกรรมร่วมกับเว็บไซต์ได้ แต่ต้องล็อกอินก่อน ::
  ล็อกอิน

รายการสื่อสารสนเทศ

ลำดับที่ ประเภท เลขเรียก/บาร์โค้ด สถานที่ สถานะ
- ไม่พบข้อมูล -

BibComment


ยังไม่เคยถูกคอมเมนท์

คอมเมนท์ทรัพยากรรายการนี้
  คอมเมนท์: ปีนี้ไม่อยากโสด ไ..


 Copyright 2026. Bcnsprnw @Library